000
00476nam a2200145Ia 4500
008
090124s9999 xx 000 0 und d
082
_b
33901
245
_a
अमृता प्रितम एक चिंतन
250
_a
1
260
_b
पराते श्रध्दा
_c
2005
300
_a
220
630
_a
अमृता प्रितम एक चिंतन
730
_a
अमृता प्रितम एक चिंतन
942
_c
BOOK
999
_c
190949
_d
190949